000 01208cam a22003371a 4500
001 8393200
003 OSt
005 20230626133244.0
008 790309s1954 enka b 001 0 eng c
010 _aa 55008677
015 _aGB54-15702
035 _a(OCoLC)4731291
040 _aRochester. Univ. Libr.
_cLU
_dOCoLC
_dDNAL
_dUk
_dDLC
042 _apremarc
043 _afc-----
_afe-----
_afw-----
050 0 0 _aHG3394
_b.N4
070 0 _aHG3394.N4
072 0 0 _aE100
_aX700
082 _a332.1
_bNEW
100 1 _aNewlyn, Walter Tessier.
245 1 0 _aMoney and banking in British Colonial Africa :
_ba study of the monetary and banking systems of eight British African territories /
_cby W.T. Newlyn and D.C. Rowan.
260 _aOxford, [England] :
_bClarendon Press,
_c1954.
300 _axiv, 301 p. :
_bill. ;
_c22 cm.
440 0 _aOxford studies in African affairs
504 _aIncludes bibliographical references and index.
650 0 _aBanks and banking
_zGreat Britain
_xColonies
_zAfrica.
650 0 _aCurrency question
_zGreat Britain
_xColonies
_zAfrica.
700 1 _aRowan, D. C.
_q(David Culloden),
_d1918-
906 _a7
_bcbc
_coclcrpl
_du
_encip
_f19
_gy-gencatlg
942 _2ddc
_cBK
999 _c2730
_d2730